Top 50 best German football players of all time - Statistics

General Stats
  • This quiz has been taken 745 times
  • The average score is 27 of 50
Answer Stats
Hint Answer % Correct
Striker, Ballon d'Or 1970, Bayern Munich Gerd Müller
97%
Forward, Bayern Munich, World Cup 2014 Thomas Müller
97%
Goalkeeper, Bayern Munich, World Cup 2014 Manuel Neuer
95%
Goalkeeper, Bayern Munich, Champions League 2001 Oliver Kahn
92%
Midfielder, Real Madrid, World Cup 2014 Toni Kroos
92%
Defender, 2 Ballon d'Or, Bayern Munich Franz Beckenbauer
91%
Striker, Bayern Munich, Lazio, World Cup 2014 Miroslav Klose
91%
Goalkeeper, Barcelona, Champions League 2015 Marc-André ter Stegen
90%
Full-back, Bayern Munich, World Cup 2014 Philipp Lahm
90%
Midfielder, Real Madrid, Arsenal, World Cup 2014 Mesut Özil
88%
Defender, Bayern Munich, Borussia Dortmund, World Cup 2014 Mats Hummels
87%
Midfielder, Bayern Munich, World Cup 2014 Bastian Schweinsteiger
85%
Midfielder, Ballon d'Or 1990, Bayern Munich, Inter Milan Lothar Matthäus
84%
Defender, Bayern Munich, World Cup 2014 Jérôme Boateng
83%
Midfielder, Chelsea, Bayer Leverkusen Michael Ballack
83%
Midfielder, Bayern Munich, Champions League 2020 Joshua Kimmich
82%
Goalkeeper, Arsenal, Borussia Dortmund Jens Lehmann
74%
Forward, 2 Ballon d'Or, Bayern Munich, Inter Milan Karl-Heinz Rummenigge
74%
Defender, Ballon d'Or 1996, Borussia Dortmund Matthias Sammer
67%
Striker, Inter Milan, Tottenham, World Cup 1990 Jürgen Klinsmann
66%
Striker, Roma, Werder Bremen, World Cup 1990 Rudi Völler
66%
Full-back, Inter Milan, Kaiserslautern, World Cup 1990 Andreas Brehme
53%
Goalkeeper, Bayern Munich, World Cup 1974 Sepp Maier
53%
Striker, Udinese, AC Milan, Euro 1996 Oliver Bierhoff
51%
Striker of 1950s/1960s, Hamburger Uwe Seeler
49%
Full-back, Bayern Munich, World Cup 1974 Paul Breitner
46%
Striker, Kaiserslautern, World Cup 1954 Fritz Walter
43%
Defender, Juventus, Borussia Dortmund, World Cup 1990 Jürgen Kohler
43%
Midfielder, Borussia Mönchengladbach, Real Madrid, World Cup 1974 Günter Netzer
41%
Midfielder, Bayern Munich, Borussia Mönchengladbach, Champions League 2001 Stefan Effenberg
41%
Forward, Rot-Weiss Essen, World Cup 1954 Helmut Rahn
39%
Forward, Bayern Munich, World Cup 1974 Uli Hoeneß
39%
Goalkeeper, Koln, Euro 1980 Harald Schumacher
38%
Midfielder, Barcelona, Real Madrid, Euro 1980 Bernd Schuster
35%
Defender, Borussia Mönchengladbach, World Cup 1974 Berti Vogts
34%
Midfielder, Borussia Dortmund, Juventus, World Cup 1990 Andreas Möller
32%
Goalkeeper, Nürnberg, World Cup 1990 Andreas Köpke
31%
Striker, Borussia Mönchengladbach, World Cup 1974 Jupp Heynckes
31%
Midfielder, Koln, World Cup 1990 Pierre Littbarski
29%
Midfielder, Koln, World Cup 1974 Wolfgang Overath
29%
Defender, Bayern Munich, World Cup 1974 Hans-Georg Schwarzenbeck
26%
Forward, Hamburger, Euro 1980 Horst Hrubesch
23%
Midfielder, Hamburger, Euro 1980 Felix Magath
22%
Full-back, AC Milan, Champions League 1969 Karl-Heinz Schnellinger
21%
Full-back, Hamburger, Euro 1980 Manfred Kaltz
19%
Defender, Borussia Mönchengladbach, Real Madrid, Euro 1980 Uli Stielike
19%
Midfielder, Kaiserslautern, Hellas Verona, Euro 1980 Hans-Peter Briegel
18%
Defender, Stuttgart, Marseille, Euro 1980 Karlheinz Förster
16%
Forward of 1930s/1940s, Schalke 04 Fritz Szepan
11%
The greatest goalkeeper from East Germany Jürgen Croy
7%
No matching quizzes found
Score Distribution
Percent of People with Each Score
Percentile by Number Answered
Your Score History
You have not taken this quiz